អង្កេតស្រាវជ្រាវការចិញ្ចឹមត្រីតាមបែនៅខេត្តពោធិ៍សាត់ (Record no. 3588)
[ view plain ]
| 000 -LEADER | |
|---|---|
| fixed length control field | 00517nam a22001457a 4500 |
| 003 - CONTROL NUMBER IDENTIFIER | |
| control field | OSt |
| 005 - DATE AND TIME OF LATEST TRANSACTION | |
| control field | 20151118142919.0 |
| 008 - FIXED-LENGTH DATA ELEMENTS--GENERAL INFORMATION | |
| fixed length control field | 151118b xxu||||| |||| 00| 0 eng d |
| 040 ## - CATALOGING SOURCE | |
| Transcribing agency | FIS ហេង 1994 B155 Or.1 |
| 100 ## - MAIN ENTRY--PERSONAL NAME | |
| 9 (RLIN) | 3860 |
| Personal name | ហេង ពិសិដ្ឋ |
| 245 ## - TITLE STATEMENT | |
| Title | អង្កេតស្រាវជ្រាវការចិញ្ចឹមត្រីតាមបែនៅខេត្តពោធិ៍សាត់ |
| 260 ## - PUBLICATION, DISTRIBUTION, ETC. (IMPRINT) | |
| Place of publication, distribution, etc. | Phnom Penh |
| Name of publisher, distributor, etc. | RUA |
| Date of publication, distribution, etc. | 1994 |
| 300 ## - PHYSICAL DESCRIPTION | |
| Extent | 89p. |
| Other physical details | ill. |
| Dimensions | 29cm. |
| 942 ## - ADDED ENTRY ELEMENTS (KOHA) | |
| Source of classification or shelving scheme | |
| Koha item type | FIS |
No items available.